| 000 | 00679nam a2200205 i 4500 | ||
|---|---|---|---|
| 001 | 181972 | ||
| 003 | ES-MaACL | ||
| 005 | 20250706080607.0 | ||
| 008 | 130516q18501899fr |||| | fre d | ||
| 100 | 1 |
_aBalzac, Honoré de, _d1799-1850 _925139 |
|
| 245 | 1 | 4 |
_aLes comédiens sans le savoir ; Étude de femme / _c[Honoré de Balzac]. |
| 260 |
_a[S.l. : _bs.n., _c18-?] ( _fH. Didot) |
||
| 300 |
_a16 p. : _bil. ; _c30 cm. |
||
| 490 | 1 | _aOeuvres illustrées de Balzac | |
| 594 | _aTítulo y autor tomado de principio del texto. | ||
| 740 | 0 | _aÉtude de femme. | |
| 830 | 0 | 0 |
_aOeuvres illustrées de Balzac _9191710 |
| 852 |
_aES-MaACL _jR-1704(7) |
||
| 999 |
_c181972 _d181972 |
||